000 00326nam a22001457a 4500
008 230414b ||||| |||| 00| 0 eng d
020 _a9780815737339
041 _aeng
080 _a34
082 _a34HOR
100 _a31
101 _aJUREDIK
245 _aTHE COURTS AND SOCIAL POLICY
_cHOROWITZ.L.D
942 _2udc
_cBK
999 _c59552
_d59552